LEADER 00780nam0-22002891i-450- 001 990000098450403321 005 20031007140744.0 035 $a000009845 035 $aFED01000009845 035 $a(Aleph)000009845FED01 035 $a000009845 100 $a20020821d1878----km-y0itay50------ba 101 0 $afre 105 $ay-------001yy 200 1 $a<>prévision du temps$fW. de Fonvielle 210 $aParis$cGauthier-Villars$d1878 215 $a102 p.$d19 cm 300 $aPrecede il tit.: Actualités scientifiques 610 0 $aMeteorologia 676 $a551.63 700 1$aFonvielle,$bWilfrid : de 801 0$aIT$bUNINA$gRICA$2UNIMARC 901 $aBK 912 $a990000098450403321 952 $a13 AR 19 A 27$b4397$fFINBC 959 $aFINBC 997 $aUNINA LEADER 01297nam 2200361 450 001 996577853703316 005 20230817190108.0 010 $a1-5386-6638-3 035 $a(CKB)4970000000008935 035 $a(WaSeSS)IndRDA00121636 035 $a(EXLCZ)994970000000008935 100 $a20200410d2019 uy 0 101 0 $aeng 135 $aur||||||||||| 181 $ctxt$2rdacontent 182 $cc$2rdamedia 183 $acr$2rdacarrier 200 10$aICT-DM $e2018 5th International Conference on Information and Communication Technologies for Disaster Management : 4-7 December 2018, Sendai, Japan /$fInstitute of Electrical and Electronics Engineers 210 1$aPiscataway, New Jersey :$cInstitute of Electrical and Electronics Engineers,$d2019. 215 $a1 online resource (381 pages) 311 $a1-5386-6639-1 606 $aEmergency management$xData processing$vCongresses 606 $aEmergency communication systems$vCongresses 615 0$aEmergency management$xData processing 615 0$aEmergency communication systems 676 $a363.345 712 02$aInstitute of Electrical and Electronics Engineers, 801 0$bWaSeSS 801 1$bWaSeSS 906 $aPROCEEDING 912 $a996577853703316 996 $aICT-DM$92541718 997 $aUNISA